000 00355nam a22001457a 4500
008 181031b xxu||||| |||| 00| 0 eng d
020 _a0875480306
041 _aeng
080 _a101
082 _a101
100 _a24
101 _aFIL
245 _aDiscourse on Metaphysics Correspondence with Arnauld Monadology
_cMontgomery.G.R
942 _2udc
_cBK
999 _c51224
_d51224